000 00505nam a22001817a 4500
003 CEME
005 20210628202732.0
008 210125b xxu||||| |||| 00| 0 eng d
020 _a0-07-058386-2
040 _c.
082 _a620.106 SUB
100 _aSubramanya , K
_99468
245 _a1000 solved problems in fluid mehcanics includes hydraulic machines
260 _aNEW DELHI
_bMCGRAW HILL
_c2005
300 _aIX,456 P
650 _aFLUID MEHCANICS.HYDRAULIC MACHINES
_961334
942 _cBK
_2ddc
999 _c570823
_d570823